[Event "Yaroslav the Wise op"]
[Site "Yaroslavl"]
[Date "2018.07.27"]
[Round "8"]
[White "Lyushin, Maxim"]
[Black "Ovchinnikov, Yury"]
[Result "1/2-1/2"]
[WhiteElo "2059"]
[BlackElo "2200"]
[PlyCount "49"]
[EventDate "2018.07.20"]
[EventType "swiss"]
[EventRounds "9"]
[EventCountry "RUS"]
[SourceTitle "CBM 186 Extra"]
[Source "ChessBase"]
[SourceDate "2018.08.24"]
[SourceVersion "1"]
[SourceVersionDate "2018.08.24"]
[SourceQuality "1"]

1. e4 c6 2. d4 d5 3. exd5 cxd5 4. c4 Nf6 5. Nc3 Nc6 6. Nf3 e6 7. a3 Be7 8. Bd3 0-0 9. 0-0 dxc4 10. Bxc4 b6 11. d5 Na5 12. Ba2 exd5 13. Nxd5 Nxd5 14. Bxd5 Bb7 15. Bxb7 Nxb7 16. Be3 Bf6 17. Bd4 Bxd4 18. Qxd4 Qxd4 19. Nxd4 Rfd8 20. Rad1 Rac8 21. Nf5 Kf8 22. Nd4 Kg8 23. Rd2 Rd5 24. Rfd1 Rcd8 25. Nf3 1/2-1/2

[Event "Kostroma Volga Cup op"]
[Site "Kostroma"]
[Date "2010.07.??"]
[Round "6"]
[White "Lyushin, Maxim"]
[Black "Kolmakov, Pavel"]
[Result "1/2-1/2"]
[WhiteElo "2040"]
[BlackElo "2213"]
[PlyCount "54"]
[EventDate "2010.07.??"]
[EventType "swiss"]
[EventRounds "9"]
[EventCountry "RUS"]
[SourceTitle "EXT 2011"]
[Source "ChessBase"]
[SourceDate "2010.11.26"]
[SourceVersion "1"]
[SourceVersionDate "2010.11.26"]
[SourceQuality "1"]

1. e4 c5 2. Nf3 d6 3. d4 cxd4 4. Nxd4 Nf6 5. Nc3 a6 6. Be2 e6 7. 0-0 Be7 8. f4 Qc7 9. Bf3 Nc6 10. Be3 Na5 11. Bf2 0-0 12. Qe1 e5 13. Nf5 Bxf5 14. exf5 exf4 15. Bd4 Nc4 16. Bd5 Ne3 17. Bxe3 fxe3 18. Qxe3 Ng4 19. Qd4 Qc5 20. Qxc5 dxc5 21. Bxb7 Rab8 22. Bf3 Ne3 23. Nd5 Nxd5 24. Bxd5 Rxb2 25. Bb3 c4 26. Bxc4 Rxc2 27. Bxa6 Bf6 1/2-1/2

[Event "Kostroma Volga Cup op"]
[Site "Kostroma"]
[Date "2009.07.??"]
[Round "8"]
[White "Lyushin, Maxim"]
[Black "Uraev, Ivan"]
[Result "1/2-1/2"]
[WhiteElo "1913"]
[BlackElo "2213"]
[PlyCount "100"]
[EventDate "2009.07.03"]
[EventType "swiss"]
[EventRounds "9"]
[EventCountry "RUS"]
[SourceTitle "EXT 2021"]
[Source "ChessBase"]
[SourceDate "2020.10.23"]
[SourceVersion "1"]
[SourceVersionDate "2020.10.23"]
[SourceQuality "1"]

1. e4 c5 2. Nf3 e6 3. d4 cxd4 4. Nxd4 a6 5. Be2 Nf6 6. Nc3 Qc7 7. a3 d6 8. 0-0 Be7 9. Kh1 b5 10. f4 Bb7 11. Bf3 Nbd7 12. Qe1 0-0 13. Qg3 Nc5 14. e5 dxe5 15. fxe5 Nfe4 16. Nxe4 Nxe4 17. Bxe4 Bxe4 18. c3 Kh8 19. Bd2 Qb7 20. Rf2 Rad8 21. Raf1 Bg6 22. Qf3 Be4 23. Qg3 Kg8 24. Bg5 Bxg5 25. Qxg5 h6 26. Qh4 Qd5 27. Kg1 Bd3 28. Re1 a5 29. Re3 Bg6 30. h3 Rd7 31. Qg3 Kh7 32. Qf3 Rc8 33. Qe2 Rb7 34. h4 b4 35. axb4 axb4 36. h5 Bb1 37. Qd1 Be4 38. Qg4 bxc3 39. bxc3 Rb1+ 40. Kh2 Qxe5+ 41. Rf4 f5 42. Qg6+ Kh8 43. Rg3 Rb6 44. Qf7 Qc7 45. Qxc7 Rxc7 46. Rg6 Rxc3 47. Nxf5 Bxf5 48. Rxf5 exf5 49. Rxb6 Rc4 50. Kh3 Rc1 1/2-1/2

[Event "Rybinsk op"]
[Site "Rybinsk"]
[Date "2009.06.19"]
[Round "9"]
[White "Mikhailov, Viacheslav"]
[Black "Lyushin, Maxim"]
[Result "0-1"]
[WhiteElo "2131"]
[BlackElo "1909"]
[PlyCount "82"]
[EventDate "2009.06.14"]
[EventType "swiss"]
[EventRounds "9"]
[EventCountry "RUS"]
[SourceTitle "CBM 131 Extra"]
[Source "ChessBase"]
[SourceDate "2009.09.03"]
[SourceVersion "2"]
[SourceVersionDate "2009.09.16"]
[SourceQuality "1"]

1. e4 c5 2. Nf3 d6 3. Bb5+ Bd7 4. Bxd7+ Qxd7 5. c4 Nc6 6. d4 cxd4 7. Nxd4 Nf6 8. Nc3 g6 9. f3 Bg7 10. Be3 0-0 11. 0-0 Rac8 12. b3 b6 13. Rc1 Rfd8 14. Qd2 Qb7 15. Rfd1 e6 16. Nxc6 Qxc6 17. Nb5 Rd7 18. Nxd6 Rcd8 19. e5 Ne8 20. Bg5 f6 21. Bh4 g5 22. Bg3 fxe5 23. Qxg5 Nxd6 24. c5 Nf7 25. Rxd7 Qxd7 26. Qe3 Bh6 27. f4 bxc5 28. Qxc5 Bxf4 29. Bxf4 exf4 30. h4 Qd4+ 31. Qxd4 Rxd4 32. Rc7 a6 33. Ra7 Rd6 34. a3 e5 35. b4 Nh6 36. a4 Ng4 37. Kf1 e4 38. b5 f3 39. gxf3 exf3 40. Ra8+ Kf7 41. Ra7+ Ke8 0-1

[Event "Rybinsk op"]
[Site "Rybinsk"]
[Date "2009.06.14"]
[Round "1"]
[White "Lyushin, Maxim"]
[Black "Ivanov, Sergey A"]
[Result "0-1"]
[WhiteElo "1909"]
[BlackElo "2348"]
[PlyCount "140"]
[EventDate "2009.06.14"]
[EventType "swiss"]
[EventRounds "9"]
[EventCountry "RUS"]
[SourceTitle "CBM 131 Extra"]
[Source "ChessBase"]
[SourceDate "2009.09.03"]
[SourceVersion "2"]
[SourceVersionDate "2009.09.16"]
[SourceQuality "1"]

1. e4 c5 2. Nf3 Nc6 3. d4 cxd4 4. Nxd4 Nf6 5. Nc3 e5 6. Ndb5 d6 7. Bg5 a6 8. Na3 b5 9. Nd5 Be7 10. Bxf6 Bxf6 11. c3 0-0 12. Nc2 Bg5 13. a4 bxa4 14. Rxa4 Kh8 15. Nce3 Rb8 16. b3 a5 17. Bc4 f5 18. exf5 Bxf5 19. Nxf5 Rxf5 20. Bd3 Rf8 21. 0-0 g6 22. Bc2 Qd7 23. Qg4 Qxg4 24. Rxg4 Bd8 25. Rd1 Ne7 26. Nxe7 Bxe7 27. Ra4 Rbc8 28. c4 Rc5 29. Be4 Rb8 30. Rd3 Kg7 31. Bd5 Bd8 32. Ra3 Bb6 33. Be4 Rd8 34. Rd5 Rxd5 35. Bxd5 Rf8 36. Ra2 Rb8 37. Bc6 Bc5 38. Ba4 Rf8 39. Bc6 Rc8 40. Bb5 Rf8 41. Bc6 Rf4 42. Rd2 Kf8 43. g3 Rf6 44. Kg2 Ke7 45. f3 Kd8 46. Be4 Kc7 47. Rd5 Rf8 48. Bc2 Rb8 49. Kf1 g5 50. Ke2 h6 51. Rd1 Rf8 52. Be4 Bd4 53. Rf1 Kb6 54. Bc2 Kc5 55. Kd3 h5 56. h3 h4 57. g4 Rf4 58. Kd2 Kb4 59. Bd1 Bc3+ 60. Kc1 e4 61. Be2 Kxb3 62. fxe4 Rxf1+ 63. Bxf1 a4 64. Bd3 a3 65. Bc2+ Kxc4 66. Bb1 Kd4 67. Kc2 Bb2 68. Kd2 Bc3+ 69. Kc2 Bb4 70. Kb3 Bc5 0-1

[Event "RUS-chB U16"]
[Site "Dagomys"]
[Date "2009.04.18"]
[Round "4"]
[White "Chenchik, Andrey"]
[Black "Lyushin, Maxim"]
[Result "1-0"]
[WhiteElo "2100"]
[BlackElo "1909"]
[PlyCount "69"]
[EventDate "2009.04.15"]
[EventType "swiss"]
[EventRounds "9"]
[EventCountry "RUS"]
[SourceTitle "EXT 2010"]
[Source "ChessBase"]
[SourceDate "2010.11.25"]
[SourceVersion "1"]
[SourceVersionDate "2010.11.25"]
[SourceQuality "1"]

1. d4 d5 2. Bg5 Nf6 3. Bxf6 exf6 4. e3 g6 5. c4 c6 6. Nc3 Be6 7. cxd5 cxd5 8. g3 Nc6 9. Bg2 Qd7 10. Nge2 Bg7 11. Nf4 Ne7 12. Qb3 Rd8 13. Rc1 0-0 14. 0-0 f5 15. Rc2 Rc8 16. Rfc1 Rfd8 17. a4 Rc6 18. a5 Rdc8 19. Na4 Rxc2 20. Rxc2 Rxc2 21. Qxc2 g5 22. Nd3 Qb5 23. Ndc5 Qxa5 24. Nxb7 Qe1+ 25. Bf1 f4 26. Qe2 Qa1 27. Nac5 Bh3 28. Nd6 fxg3 29. fxg3 f5 30. Nd3 Nc6 31. Ne1 Bxf1 32. Kxf1 Qa5 33. Qh5 Qd8 34. Qf7+ Kh8 35. Qxd5 1-0

[Event "Kostroma Volga Cup op"]
[Site "Kostroma"]
[Date "2008.07.??"]
[Round "5"]
[White "Filonenko, Elena"]
[Black "Lyushin, Maxim"]
[Result "0-1"]
[WhiteElo "1559"]
[BlackElo "2001"]
[PlyCount "68"]
[EventDate "2008.07.??"]
[EventType "swiss"]
[EventRounds "9"]
[EventCountry "RUS"]
[SourceTitle "EXT 2009"]
[Source "ChessBase"]
[SourceDate "2008.11.26"]
[SourceVersion "1"]
[SourceVersionDate "2008.11.26"]
[SourceQuality "1"]

1. e4 c5 2. Nf3 d6 3. d4 cxd4 4. Qxd4 Nc6 5. Bb5 Bd7 6. Bxc6 Bxc6 7. Nc3 Nf6 8. Bg5 e6 9. 0-0-0 Be7 10. h4 h6 11. Bd2 Qa5 12. g4 Qc5 13. Be1 Qxd4 14. Rxd4 Nxg4 15. Rg1 h5 16. Ng5 g6 17. Rg3 Bf6 18. Rxd6 Be5 19. Rxc6 Bxg3 20. Rc5 Bf4+ 21. Kb1 Bxg5 22. Rxg5 f6 23. Rc5 Kd7 24. Nb5 Rhc8 25. Rxc8 Rxc8 26. Nxa7 Rc4 27. f3 Nh2 28. b3 Rd4 29. Bc3 Rd1+ 30. Kb2 e5 31. a4 Nxf3 32. b4 g5 33. hxg5 fxg5 34. b5 g4 0-1

[Event "Kostroma Volga Cup op"]
[Site "Kostroma"]
[Date "2008.07.??"]
[Round "1"]
[White "Lyushin, Maxim"]
[Black "Iliushkin, Evgeny"]
[Result "0-1"]
[WhiteElo "2001"]
[BlackElo "2351"]
[PlyCount "64"]
[EventDate "2008.07.??"]
[EventType "swiss"]
[EventRounds "9"]
[EventCountry "RUS"]
[SourceTitle "EXT 2009"]
[Source "ChessBase"]
[SourceDate "2008.11.26"]
[SourceVersion "1"]
[SourceVersionDate "2008.11.26"]
[SourceQuality "1"]

1. e4 c5 2. Nf3 e6 3. d4 cxd4 4. Nxd4 Nf6 5. Nc3 d6 6. Be3 Nc6 7. Be2 Be7 8. 0-0 0-0 9. Kh1 Bd7 10. f4 Nxd4 11. Bxd4 Bc6 12. Bf3 Qd7 13. Qe2 b5 14. e5 Bxf3 15. Rxf3 dxe5 16. Bxe5 b4 17. Ne4 Nxe4 18. Qxe4 Rac8 19. Rd3 Qc6 20. Qxc6 Rxc6 21. c3 f6 22. Bd4 Rd8 23. Rad1 Ra6 24. Bg1 Rxd3 25. Rxd3 Rxa2 26. Rd7 Bf8 27. Rxa7 b3 28. h3 Rxa7 29. Bxa7 Ba3 30. c4 Bxb2 31. c5 Ba3 32. c6 b2 0-1

[Event "Kostroma Volga Cup op"]
[Site "Kostroma"]
[Date "2008.07.??"]
[Round "6"]
[White "Lyushin, Maxim"]
[Black "Polonovsky, Grigory"]
[Result "1-0"]
[WhiteElo "2001"]
[BlackElo "2141"]
[PlyCount "41"]
[EventDate "2008.07.??"]
[EventType "swiss"]
[EventRounds "9"]
[EventCountry "RUS"]
[SourceTitle "EXT 2009"]
[Source "ChessBase"]
[SourceDate "2008.11.26"]
[SourceVersion "1"]
[SourceVersionDate "2008.11.26"]
[SourceQuality "1"]

1. e4 c5 2. Nf3 Nc6 3. Bb5 g6 4. 0-0 Bg7 5. Nc3 e5 6. d3 Nge7 7. Be3 Nd4 8. Bc4 a6 9. Ng5 0-0 10. f4 b5 11. Bxf7+ Rxf7 12. Nxf7 Kxf7 13. f5 Bf6 14. fxg6+ Nxg6 15. Nd5 Nf4 16. Bxf4 exf4 17. Rxf4 d6 18. Qh5+ Kg7 19. Nxf6 Qxf6 20. Rxf6 Kxf6 21. Rf1+ 1-0

[Event "Rybinsk Yaroslavia op"]
[Site "Rybinsk"]
[Date "2008.06.17"]
[Round "4.10"]
[White "Shmarina, Daria"]
[Black "Lyushin, Maxim"]
[Result "0-1"]
[WhiteElo "1787"]
[BlackElo "2028"]
[PlyCount "116"]
[EventDate "2008.06.15"]
[EventType "swiss"]
[EventRounds "9"]
[EventCountry "RUS"]
[SourceTitle "EXT 2022"]
[Source "ChessBase"]
[SourceDate "2021.10.06"]
[SourceVersion "1"]
[SourceVersionDate "2021.10.06"]
[SourceQuality "1"]

1. e4 c5 2. c3 d5 3. exd5 Qxd5 4. d4 Nf6 5. Nf3 e6 6. Be2 Nc6 7. 0-0 Be7 8. Be3 cxd4 9. cxd4 0-0 10. Nc3 Qd8 11. Qb3 Nd5 12. Rac1 Qb6 13. Nxd5 exd5 14. Qxb6 axb6 15. a3 Bd7 16. Ne5 Be8 17. Bf3 Rd8 18. b4 Bf6 19. Rfd1 Bxe5 20. dxe5 Nxe5 21. Bxd5 Ba4 22. Bxb6 Rd7 23. Rd4 g6 24. Rc5 Nc6 25. Re4 Ne7 26. Rd4 Bc6 27. Bxf7+ Kxf7 28. Rxd7 Bxd7 29. h3 Rc8 30. Re5 Rc6 31. Bd4 Rc1+ 32. Kh2 Nc6 33. Re4 Rc4 34. Rf4+ Bf5 35. Be3 Rxf4 36. Bxf4 b5 37. Kg3 Nd4 38. Kh4 Bd3 39. Be5 Nc2 40. Bb2 h5 41. g4 Be2 42. g5 Ke6 43. Bc1 Kd5 44. f4 Bd3 45. Kg3 Kc4 46. Kf2 Kb3 47. h4 Nxa3 48. Ke3 Bf5 49. Kd4 Kxb4 50. Bd2+ Kb3 51. Kc5 Nc4 52. Bb4 Kc2 53. Kxb5 Kd3 54. Kc5 Ne3 55. Be1 Ng2 56. Bg3 Ke3 57. Kd5 Kf3 58. Bh2 Nxh4 0-1